000 00880nam a2200265 a 4500
001 BRCA_2767
005 20190320203947.0
008 051208s1954----mx-a---###---#000-0#spa-u
050 4 _aND1040
_b.B76 1954
100 1 _aBrodrick, Alan Houghton
_97782
245 1 0 _aLa pintura china
_cA. Houghton Brodrick ; tr. de Zarina Lacy y Ricardo Martínez.
260 _aMéxico
_bFCE
_c1954
300 _a155 p.
_bil., [48] láminas
_c17 cm.
440 0 _aBreviarios del Fondo de Cultura Económica
_n99
_97783
500 _aIncluye explicación de láminas y apéndice.
500 _aTraducción de: An outline of chinese painting
500 _aAA84
504 _aBibliografía: p. 93-94
650 1 4 _aPintura China
_91214
650 1 4 _aPintura
_xHistoria
_97784
700 1 _aLacy, Zarina
_etr.
_97785
700 1 _aMartínez, Ricardo
_etr.
_97786
902 _aGFM
942 _2lcc
_cB
999 _c2507
_d2507